Los belzares ; el tirano Aguirre ; Diego de Losada / (Registro nro. 23682)
[ vista simple ]
| 000 -CABECERA | |
|---|---|
| campo de control de longitud fija | 00980nam a2200253 a 4500 |
| 001 - NÚMERO DE CONTROL | |
| campo de control | 000024188 |
| 005 - FECHA Y HORA DE LA ÚLTIMA TRANSACCIÓN | |
| campo de control | 20200930022807.0 |
| 008 - DATOS DE LONGITUD FIJA--INFORMACIÓN GENERAL | |
| campo de control de longitud fija | 110120s1972 ve 000 0 spa d |
| 040 ## - FUENTE DE LA CATALOGACIÓN | |
| Centro catalogador/agencia de origen | DO-SdBNP |
| Lengua de catalogación | spa |
| Centro/agencia transcriptor | BNPHU |
| 082 ## - NÚMERO DE LA CLASIFICACIÓN DECIMAL DEWEY | |
| Número de clasificación | 987.02 |
| Número de documento/Ítem | O96b |
| 049 ## - FONDOS LOCALES (OCLC) | |
| Fondos de biblioteca | BNGR |
| 100 1# - ENTRADA PRINCIPAL--NOMBRE DE PERSONA | |
| Nombre de persona | Oviedo y Baños, José de, |
| Fechas asociadas al nombre | 1671-1738 |
| 9 (RLIN) | 40527 |
| 245 14 - MENCIÓN DE TÍTULO | |
| Título | Los belzares ; el tirano Aguirre ; Diego de Losada / |
| Mención de responsabilidad, etc. | José de Oviedo y Baños. |
| 260 ## - PUBLICACIÓN, DISTRIBUCIÓN, ETC. | |
| Lugar de publicación, distribución, etc. | Caracas : |
| Nombre del editor, distribuidor, etc. | Monte Ávila, |
| Fecha de publicación, distribución, etc. | 1972. |
| 300 ## - DESCRIPCIÓN FÍSICA | |
| Extensión | 387 p. ; |
| Dimensiones | 16 cm. |
| 490 1# - MENCIÓN DE SERIE | |
| Mención de serie | Biblioteca popular el dorado |
| 500 ## - NOTA GENERAL | |
| Nota general | Incluye notas al pie de las páginas. |
| 600 14 - PUNTO DE ACCESO ADICIONAL DE MATERIA--NOMBRE DE PERSONA | |
| Nombre de persona | AGUIRRE, LOPE DE, |
| Fechas asociadas al nombre | 1518-1561, |
| Subdivisión general | CRÍTICA E INTERPRETACIÓN |
| 9 (RLIN) | 49674 |
| 600 14 - PUNTO DE ACCESO ADICIONAL DE MATERIA--NOMBRE DE PERSONA | |
| Nombre de persona | LOSADA Y QUIROGA, DIEGO DE, |
| Fechas asociadas al nombre | 1511-1569 |
| Subdivisión general | CRÍTICA E INTERPRETACIÓN |
| 9 (RLIN) | 49675 |
| 651 #4 - PUNTO DE ACCESO ADICIONAL DE MATERIA--NOMBRE GEOGRÁFICO | |
| Nombre geográfico | Venezuela |
| Subdivisión general | Historia |
| Subdivisión cronológica | 1498-1528 (DESCUBRIMIENTO Y CONQUISTA) |
| 9 (RLIN) | 49676 |
| 651 #4 - PUNTO DE ACCESO ADICIONAL DE MATERIA--NOMBRE GEOGRÁFICO | |
| Nombre geográfico | Venezuela |
| Subdivisión general | Historia |
| Subdivisión cronológica | 1528-1810 (ÉPOCA COLONIAL) |
| 9 (RLIN) | 49677 |
| 830 #0 - PUNTO DE ACCESO ADICIONAL DE SERIE-TÍTULO UNIFORME | |
| Título uniforme | Biblioteca popular el dorado |
| 9 (RLIN) | 13605 |
| 910 ## - DATOS DE OPCIÓN DEL USUARIO (OCLC) | |
| Datos de opción del usuario | WM |
| Estado de retiro | Estado de pérdida | Restricciones de uso | No para préstamo | Código de colección | Localización permanente | Ubicación/localización actual | Ubicación en estantería | Fecha de adquisición | Número de inventario | Total de préstamos | Signatura topográfica completa | Código de barras | Fecha visto por última vez | Precio válido a partir de | Tipo de ítem Koha |
|---|---|---|---|---|---|---|---|---|---|---|---|---|---|---|---|
| Monografías: Libros y Folletos | General | General | Depósito | 20.01.2011 | LF1 | 987.02 O96b | 24188-10 | 25.06.2020 | 25.06.2020 | Préstamo en sala |
